000 00820cab a2200253 4500
001 WB3117-05
008 090401t1995 xxu||||| |||| 00| 0 eng d
035 _a(Sirsi) u61171
041 _aeng
245 _aFinal certificates
260 _c1995
350 _a0
490 _aEstates Gazette
_v(9517) 29 April 1995, 124(1)
520 _aDiscusses "Crown Estate Commissioners v John Mowlem & Co Ltd" (1994 CILL 986) which discussed the extent to which a final certificate was binding and conclusive.
650 _aBUILT ENVIRONMENT-BUILDING CONTRACT FORMS
650 _aCLAIMS
650 _aCONTRACT CLAIMS
650 _aFINAL CERTIFICATES
650 _aKENSINGTON PALACE BARRACKS
650 _aLATENT DEFECTS
690 _aBUILT ENVIRONMENT-BUILDING CONTRACT FORMS
942 _n0
948 _c04/03/1997
999 _c37839
_d37839